| 000 | 00738nam a2200193 a 4500 | ||
|---|---|---|---|
| 008 | 100208s1987 ||||||||||||||||| || u | ||
| 050 | _aCTA(08)TM | ||
| 100 | _aJordens-Rottger, Dagmar | ||
| 245 | 1 | 0 |
_aStudy on the propagation of plant material _cDagmar Jordens-Rottger |
| 260 |
_aEde, Netherlands: _bCTA _c1987 |
||
| 300 | _a93p. | ||
| 350 | _a0.00 | ||
| 490 | _aCTA technical memoirs | ||
| 650 | _aAGRICULTURE | ||
| 650 | _aPLANT PROPAGATION | ||
| 650 | 0 | _aAGRICULTURAL INFORMATION NETWORKS | |
| 710 | _aTechnical Centre for Agricultural and Rural Cooperation (CTA) | ||
| 995 |
_D0.00 _FCBU-MAIN LIBRARY (Kitwe) _H1 _I0.00 _M1 _UAVAILABLE _WFeb 8, 2010 _ZInternational Publications |
||
| 999 |
_c58989 _d58989 |
||